Correctional policy and prison organization

Saved in:  
Bibliographic Details
Main Author: Duffee, David (Author)
Format: Print Book
Language:English
Published: New York [u.a.] Wiley 1975
In:Year: 1975
Availability in Tübingen:Present in Tübingen.
UB: KB 5 A 873
Check availability: HBZ Gateway
Subito Delivery Service: Order now.
Keywords:

MARC

LEADER 00000cam a22000002c 4500
001 1094271160
003 DE-627
005 20260206193001.0
007 tu
008 910524s1975 xx ||||| 00| ||eng c
020 |a 0470223723  |9 0-470-22372-3 
035 |a (DE-627)1094271160 
035 |a (DE-603)102767734 
035 |a (DE-576)024271160 
035 |a (DE-599)BSZ024271160 
035 |a (OCoLC)311617232 
035 |a (OCoLC)311617232 
035 |a (OCoLC)01500323 
035 |a (DE-604)8073960411 
040 |a DE-627  |b ger  |c DE-627  |e rakwb 
041 |a eng 
082 0 |a 365.973  |q LoC  |2 DDC19oclc 
084 |a MS 6380  |2 rvk  |0 (DE-625)rvk/123753: 
100 1 |a Duffee, David  |0 (DE-627)1230796479  |0 (DE-576)160796474  |4 aut 
109 |a Duffee, David  |a Duffee, David E. 
245 1 0 |a Correctional policy and prison organization  |c David Duffee 
264 1 |a New York [u.a.]  |b Wiley  |c 1975 
300 |a XIII, 232 S. 
336 |a Text  |b txt  |2 rdacontent 
337 |a ohne Hilfsmittel zu benutzen  |b n  |2 rdamedia 
338 |a Band  |b nc  |2 rdacarrier 
490 0 |a Sage publications 
583 1 |a Archivierung prüfen  |c 20200919  |f DE-640  |z 2  |2 pdager 
650 0 7 |0 (DE-588)4071628-4  |0 (DE-627)106097237  |0 (DE-576)209184523  |a Gefängnis  |2 gnd 
650 0 7 |0 (DE-588)4043774-7  |0 (DE-627)106208446  |0 (DE-576)209057408  |a Organisation  |2 gnd 
689 0 0 |d s  |0 (DE-588)4071628-4  |0 (DE-627)106097237  |0 (DE-576)209184523  |a Gefängnis  |2 gnd 
689 0 1 |d s  |0 (DE-588)4043774-7  |0 (DE-627)106208446  |0 (DE-576)209057408  |a Organisation  |2 gnd 
689 0 |5 (DE-627) 
935 |h HEB  |i 0501 
935 |h HEB  |i 0503 
936 r v |a MS 6380  |b Kriminalität, Gefängnis, Erziehungsheim  |k Soziologie  |k Spezielle Soziologien  |k Soziale Probleme  |k Kriminalität, Gefängnis, Erziehungsheim  |0 (DE-627)1271441438  |0 (DE-625)rvk/123753:  |0 (DE-576)201441438 
936 s n |a m200  |2 mzub 
951 |a BO 
ELC |b 1 
LOK |0 000 xxxxxcx a22 zn 4500 
LOK |0 001 2164928911 
LOK |0 003 DE-627 
LOK |0 004 1094271160 
LOK |0 005 20020606000000 
LOK |0 008 910524||||||||||||||||ger||||||| 
LOK |0 040   |a DE-21  |c DE-627  |d DE-21 
LOK |0 852   |a DE-21 
LOK |0 852 1  |c KB 5 A 873  |9 00 
LOK |0 935   |a krim 
LOK |0 936ln  |a k12.3 
LOK |0 939   |a 24-05-91  |b l01 
ORI |a SA-MARC-krimdoka001.raw 
SIG |a UB: KB 5 A 873